Three Generation TV Shows Quiz Stats

 Plays Quiz Updated Jun 25, 2020

Support Sporcle.
Go Orange.
Score 0/15 Timer 05:00
2 Plays Today
% Correct
Friends
98.7%
Game of Thrones
97.4%
The Simpsons
95%
Modern Family
87.7%
How I Met Your Mother
81.7%
Full House
79.6%
Arrested Development
73.5%
Archer
70.5%
% Correct
Rick and Morty
69.6%
Prison Break
67.5%
Vikings
53.4%
Brooklyn Nine-Nine
51.6%
Arrow
46.5%
Lost
36.4%
The 100
30%

You're not logged in!

Compare scores with friends on all Sporcle quizzes.
OR
Log In

From the Vault

Author & Character Matchmaker

by LTH

Maybe we should just turn Sporcle into a matchmaking website?
Remove Ads.
Support Sporcle.
Get the best of Sporcle when you Go Orange. This ad-free experience offers more features, more stats, and more fun while also helping to support Sporcle. Thank you for becoming a member.

Show Comments

Extras

Top Quizzes Today


Score Distribution

Your Account Isn't Verified!

In order to create a playlist on Sporcle, you need to verify the email address you used during registration. Go to your Sporcle Settings to finish the process.

Report this User

Report this user for behavior that violates our Community Guidelines.

Details: